00898nam a22002531 450000100060000000300080000600500170001400800390003103500190007003500190008904000300010804100080013808200180014610000500016424500470021426000480026130000330030950400360034265000370037865100500041594200120046599900170047795201500049423199BD-RjUL20211209000913.0140310s1949 enkbf b 001 0 eng a(BD-RjUL)23264 a(OCoLC)1138340 aDLCcTxU-DadBD-RjULbeng aeng a918bJOS 19491 aJones, Tom B.q(Tom Bard),d1909-1999.97151110aSouth America rediscovered /cTom B Jones. aLondon :bUniv. of Minnesota Press,cc1949. aix, 285 p. :bill. ;c22 cm. aInclude bibliography and index. 0aTravelerszSouth America.971512 0aSouth AmericaxDescription and travel.971513 2ddccBK c23199d23199 00102ddc40728NFICaRUCLbRUCLcReadingd1955-07-21eOxford University Pressg16.00l0o918 JOS 1949r2014-03-10 00:00:00tC-1w2014-03-10yBK